Top 20 Tennis Grand Slam Men's Players in Open Era - Statistics

General Stats
  • This quiz has been taken 334 times
    50 since last reset
  • The average score is 15 of 20
Answer Stats
# Player Country Points % Correct
1 Novak Djokovic Serbia 275
100%
3 Rafael Nadal Spain 213
100%
2 Roger Federer Switzerland 244
100%
8 Andy Murray United Kingdom 106
93%
10 Björn Borg Sweden 101
89%
16 Stanislas Wawrinka Switzerland 65
87%
7 Andre Agassi United States 135
84%
9 John McEnroe United States 103
84%
6 Pete Sampras United States 138
84%
12 Boris Becker Germany 94
82%
5 Ivan Lendl Czechoslovakia 139
76%
20 Carlos Alcaraz Spain 61
69%
17 Lleyton Hewitt Australia 64
67%
4 Jimmy Connors United States 146
64%
19 Jim Courier United States 63
60%
11 Stefan Edberg Sweden 101
60%
13 Mats Wilander Sweden 85
58%
15 John Newcombe Australia 66
44%
14 Guillermo Vilas Argentina 74
40%
18 Ken Rosewall Australia 63
31%
No matching quizzes found
Score Distribution
Percent of People with Each Score
Percentile by Number Answered
Your Score History
You have not taken this quiz since the last reset